School essays and letters
| Main Author: | |
|---|---|
| Format: | Book |
| Published: |
India :
Blue shine publications (p) ltd ,
2005
|
| Subjects: |
MARC
| LEADER | 00000cam a2200000 7i4500 | ||
|---|---|---|---|
| 001 | 0000038231 | ||
| 005 | 20131101.0 | ||
| 008 | 131101 | ||
| 020 | |a 8187131845 | ||
| 090 | 0 | 0 | |a 808.4 |b KAU |
| 100 | 1 | |a Kaul Vimla | |
| 245 | 1 | 0 | |a School essays and letters |c Vimla Kaul |
| 260 | |a India : |b Blue shine publications (p) ltd , |c 2005 | ||
| 650 | 0 | |a Essays... | |
| 650 | 0 | |a Letters writing... | |
| 999 | |a 0001243222 |b Book |c Adult Collection |e Perbadanan Perpustakaan Awam Johor | ||